000 nam a22 7a 4500
999 _c328659
_d328659
003 Nust
005 20170412170505.0
008 170412b xxu||||| |||| 00| 0 eng d
020 _a8176484180
040 _c0
082 _a363.7 AGA
100 _aAgarwal,S.K
245 _aEnvironmental Scenario For 21st Century
_cS.K.Agarwal
260 _aNew Delhi
_bAPH Puublishing Corporation
_c2003
300 _a480p.
500 _aH.B
942 _2ddc
_cBK
_k363.7 AGA